| 000 | 00659cab a2200217 4500 | ||
|---|---|---|---|
| 001 | WB3443-02 | ||
| 008 | 090401t1998 xxu||||| |||| 00| 0 eng d | ||
| 035 | _a(Sirsi) u89631 | ||
| 041 | _aeng | ||
| 245 | _aDome making builders scarce | ||
| 260 | _c1998 | ||
| 350 | _a0 | ||
| 490 |
_aTimes _v12 November 1998, 35(1) |
||
| 520 | _aThe Millennium Dome and other local Milennium projects have led to a shortage of builders across the United Kingdom, according to McCarthy and Stone. | ||
| 650 | _aMCCARTHY AND STONE | ||
| 650 | _aMILLENNIUM DOME | ||
| 650 | _aMILLENNIUM PROJECTS | ||
| 690 | _aBUILT ENVIRONMENT | ||
| 942 | _n0 | ||
| 948 | _c12/11/1998 | ||
| 999 |
_c56736 _d56736 |
||